| 000 | 00433nam a22001457a 4500 | ||
|---|---|---|---|
| 005 | 20240309123532.0 | ||
| 008 | 240309b ||||| |||| 00| 0 eng d | ||
| 040 | _cAL | ||
| 041 | _aeng | ||
| 082 |
_223 _a663.92 _bCOCA |
||
| 100 |
_aRahul Sequeira _9153626 |
||
| 245 |
_aCoca Cola in India: _bMarket Surveys on Relaunch with respect to Chandigarh and Mangalore |
||
| 260 |
_aMangalore _bSt Aloysius College _c1995 |
||
| 942 |
_2ddc _cPRO |
||
| 999 |
_c230192 _d230192 |
||